000
00251nam a2200109Ia 4500
005
20251222144847.0
008
251222s9999||||xx |||||||||||||| ||spa||
082
_a
781.68/G51/T.II
100
_a
Giussani, Luigi
245
0
_a
Spirto Gentil
942
_c
LIB
999
_c
21442
_d
21442